000 00386nam a22001577a 4500
005 20190223112713.0
008 190223b xxu||||| |||| 00| 0 eng d
020 _a978-81-203-1576-1
041 _aeng
100 _aBANERJI, SAMIR
_94895
245 _aENVIRONMENTAL CHEMISTRY
250 _a2nd Ed.
260 _anew delhi
_bPHI LEARNING PVT .LTD
_c2013
300 _a178p,
942 _cBK
999 _c5767
_d5765